Govt. of
Madhya Pradesh

Heart To Heart (Record no. 5355)

MARC details
000 -LEADER
fixed length control field 004620000a22001810004500
003 - CONTROL NUMBER IDENTIFIER
control field MACL
005 - DATE AND TIME OF LATEST TRANSACTION
control field 20150819161741.0
008 - FIXED-LENGTH DATA ELEMENTS--GENERAL INFORMATION
fixed length control field 150819b xxu||||| |||| 00| 0 eng d
040 ## - CATALOGING SOURCE
Original cataloging agency MACL
Transcribing agency MACL
041 ## - LANGUAGE CODE
Language code of text/sound track or separate title English
082 ## - DEWEY DECIMAL CLASSIFICATION NUMBER
Classification number 616/WAS
100 ## - MAIN ENTRY--PERSONAL NAME
Personal name Wasir, H.S.
9 (RLIN) 6318
245 ## - TITLE STATEMENT
Title Heart To Heart
Remainder of title A Holistic Aproach to HeartCare
260 ## - PUBLICATION, DISTRIBUTION, ETC. (IMPRINT)
Name of publisher, distributor, etc. Vikas Publishing House
Date of publication, distribution, etc. 1990
Place of publication, distribution, etc. Delhi
350 ## - PRICE (NR) (BK AM CF MU VM SE) [OBSOLETE]
Price 150
650 ## - SUBJECT ADDED ENTRY--TOPICAL TERM
Topical term or geographic name as entry element Medical Science
9 (RLIN) 85
942 ## - ADDED ENTRY ELEMENTS (KOHA)
Koha item type Books
Call number prefix 616
Source of classification or shelving scheme
Holdings
Withdrawn status Lost status Source of classification or shelving scheme Damaged status Not for loan Home library Current library Date acquired Cost, normal purchase price Total Checkouts Full call number Barcode Date last seen Date last checked out Uniform Resource Identifier Price effective from Koha item type
          MACL MACL 19/08/2015 150.00 1 616/WAS CRE004924 02/05/2024 24/05/2017 5306 15/04/2015 Books